|
|
|
|
| LEADER |
00733cam a2200205 7i4500 |
| 001 |
0000051526 |
| 005 |
20180411090000.0 |
| 008 |
180411 eng |
| 020 |
|
|
|a 9814088978
|
| 090 |
0 |
0 |
|a HB171.5
|b .L35 2002
|
| 100 |
3 |
|
|a Lai, Kwok Seng
|
| 245 |
1 |
0 |
|a Longman A-level course in economics :
|b the economic framework
|c Lai Kwok Seng.
|
| 260 |
|
|
|a Singapore:
|b Pearson Education Asia Pte. Ltd.,
|c 2002.
|
| 300 |
|
|
|a vi, 514 p.:
|b ill.;
|c 26 m.
|
| 500 |
|
|
|a Gift: Faculty of Business & Accountancy
|
| 500 |
|
|
|a Includes index
|
| 650 |
0 |
0 |
|a Economics
|
| 997 |
|
|
|a Business & Accountancy, Faculty
|
| 999 |
|
|
|a 0000059824
|b BOK
|c OPEN SHELF
|e 1st Floor, Shah Alam
|
| 999 |
|
|
|a 0000061542
|b BOK
|c OPEN SHELF
|e 1st Floor, Shah Alam
|